000
00202nam a2200073Ia 4500
008
170524s9999 xx 000 0 und d
100
_a
RAO- T V
245
0
_a
360 DEGREE FEEDBACK AND PERFORMANCE MANAGEMENT SYSTEM
260
_b
EXCEL BOOKS
999
_c
8256
_d
8256